Statistiques concernant Célébrités décédées en 2016

Cliquez ici pour prendre le quiz!

Statistiques générales

  • Ce quiz a été pris 85 fois
  • Le résultat moyen est 7 sur 20

Statistiques - réponses

Réponse% Correct
Mohamed Ali
90%
David Bowie
87%
Prince
85%
Fidel Castro
73%
Johan Cruyff
63%
Michel Galabru
59%
Jean-Pierre Coffe
43%
Michel Delpech
43%
René Angélil
43%
Alan Rickman
39%
Leonard Cohen
32%
Michel Rocard
28%
Umberto Eco
24%
Carrie Fisher
11%
Christina Grimmie
6%
Gene Wilder
6%
Jacques Rivette
5%
Michel Tournier
5%
Natalie Cole
4%
Glenn Frey
2%

Distribution des résultats

Percentile par nombre de réponses

% des personnes avec chaque résultat

Votre développement - résultats

Vous n’avez pas pris ce quiz